<?xml version="1.0" encoding="UTF-8"?>
<marc:record xmlns:marc="http://www.loc.gov/MARC21/slim">
   <marc:leader>00000nam a2200000 a 4500</marc:leader>
   <marc:datafield ind1="1" ind2=" " tag="100">
      <marc:subfield code="a">Stromberg, Holger</marc:subfield>
      <marc:subfield code="4">aut</marc:subfield>
      <marc:subfield code="e">Verfasser/-in</marc:subfield>
   </marc:datafield>
   <marc:datafield ind1=" " ind2=" " tag="653">
      <marc:subfield code="a">Kochbuch</marc:subfield>
   </marc:datafield>
   <marc:datafield ind1=" " ind2=" " tag="653">
      <marc:subfield code="a">Rezepte</marc:subfield>
   </marc:datafield>
   <marc:datafield ind1="0" ind2="0" tag="245">
      <marc:subfield code="a">Essen ändert alles</marc:subfield>
   </marc:datafield>
   <marc:datafield ind1="0" ind2="0" tag="245">
      <marc:subfield code="b">Das Rezept für ein gesundes, nachhaltiges Leben</marc:subfield>
   </marc:datafield>
   <marc:datafield ind1=" " ind2="1" tag="264">
      <marc:subfield code="b">Südwest </marc:subfield>
      <marc:subfield code="c">2019</marc:subfield>
   </marc:datafield>
   <marc:datafield ind1="1" ind2=" " tag="520">
      <marc:subfield code="a">Wie einfach gut und gesund essen geht, wie viel Energie in natürlichen Lebensmitteln steckt und was man schon durch kleinste Veränderungen für sich und den Planeten Gutes bewirken kann, das ist Holger Strombergs größtes Anliegen. Der Foodexperte zeigt, was gesunde Ernährung wirklich bedeutet, dass sie nicht immer etwas mit Schlanksein, sondern mit Ausgewogenheit, der Kenntnis der Inhaltsstoffe sowie den physischen und mentalen Bedürfnissen der einzelnen Menschen zu tun hat. Um sich gesund zu ernähren, muss man noch nicht einmal groß kochen können, sondern lediglich die besseren Alternativen einkaufen und sich zu helfen wissen.</marc:subfield>
   </marc:datafield>
   <marc:datafield ind1=" " ind2=" " tag="020">
      <marc:subfield code="a">9783517099033</marc:subfield>
      <marc:subfield code="9">9783517099033</marc:subfield>
   </marc:datafield>
</marc:record>
